La República de los Lacedemonios

Wedi'i Gadw mewn:
Manylion Llyfryddiaeth
Prif Awdur: Jenofonte (Awdur)
Fformat: Llyfr
Iaith:Sbaeneg
Groeg
Cyhoeddwyd: Madrid, España Instituto de Estudios Políticos 1957
Cyfres:Clásicos Políticos
Pynciau:
Mynediad Ar-lein:Disponible Online
Tagiau: Ychwanegu Tag
Dim Tagiau, Byddwch y cyntaf i dagio'r cofnod hwn!

MARC

LEADER 00000nam a2200000 a 4500
001 UCW8574
003 CL-VaPUC
005 20211214074151.0
008 881004e19570000SP |||||||||||||||||spa|d
999 |c 220908  |d 220906 
040 |c Pontificia Universidad Católica de Valparaíso 
041 0 7 |a spa  |2 CL-VaPUC 
041 0 7 |a gre  |2 CL-VaPUC 
082 0 4 |a 938 JEN 1957  |2 21 
100 |a Jenofonte  |e author  |9 335230 
245 1 3 |a La República de los Lacedemonios 
260 |a Madrid, España   |b Instituto de Estudios Políticos  |c 1957 
300 |a 26 páginas  
490 0 |a Clásicos Políticos 
505 |a Introducción. La república de los Lacedemonios 
583 |a last modification  |c 19881004 00:00:00  |k Rodrigo Vera 
650 0 |a Política  |9 255312 
650 0 |a Historia  |9 255047 
651 0 |a Grecia  |9 265314 
852 |a BIBCUR 
856 |u http://bibliografiadigital.pucv.cl.pucv.idm.oclc.org/index.php/bibliotecapucv/catalog/book/129  |y Disponible Online  
942 |c BK  |2 ddc 
945 |d 19881004 00:00:00 
952 |0 0  |1 0  |4 0  |6 938_000000000000000_JEN_1957  |7 0  |8 A  |9 213712  |a BIBHIS  |b BIBHIS  |d 2019-11-15  |i 2820234  |o 938 JEN 1957  |p 2820234  |r 2025-01-20  |w 2019-11-15  |y BK  |k HIS 
952 |0 0  |1 0  |4 0  |6 938_000000000000000_JEN_1957  |7 0  |8 A  |9 213713  |a BIBHIS  |b BIBHIS  |d 2019-11-15  |i 1366939  |o 938 JEN 1957  |p 1366939  |r 2023-01-25  |w 2019-11-15  |y BK  |k HIS 
952 |0 0  |1 0  |4 0  |6 938_000000000000000_JEN_1957  |7 0  |8 A  |9 213714  |a BIBHIS  |b BIBHIS  |d 2019-11-15  |i 1366947  |o 938 JEN 1957  |p 1366947  |r 2023-01-25  |w 2019-11-15  |y BK  |k HIS 
952 |0 0  |1 0  |4 0  |6 938_000000000000000_JEN_1957  |7 0  |8 A  |9 213715  |a BIBHIS  |b BIBHIS  |d 2019-11-15  |i 1366955  |o 938 JEN 1957  |p 1366955  |r 2023-01-25  |w 2019-11-15  |y BK  |k HIS 
952 |0 0  |1 0  |4 0  |6 938_000000000000000_JEN_1957  |7 0  |8 A  |9 213716  |a BIBHIS  |b BIBHIS  |d 2019-11-15  |i 1366963  |o 938 JEN 1957  |p 1366963  |r 2023-01-25  |w 2019-11-15  |y BK  |k HIS